[Event "Oberliga Nord N 1516"]
[Site "Germany"]
[Date "2016.02.21"]
[Round "7.2"]
[White "Hawellek, Jeronimo"]
[Black "Kaid, Almar"]
[Result "1-0"]
[WhiteElo "2333"]
[BlackElo "2287"]
[PlyCount "91"]
[EventDate "2015.09.20"]
[EventType "team-tourn"]
[EventRounds "9"]
[EventCountry "GER"]
[SourceTitle "EXT 2017"]
[Source "ChessBase"]
[SourceDate "2016.10.25"]
[SourceVersion "1"]
[SourceVersionDate "2016.10.25"]
[SourceQuality "1"]
[WhiteTeam "Marmstorf"]
[BlackTeam "Hamburg Diogenes"]
[WhiteTeamCountry "GER"]
[BlackTeamCountry "GER"]

1. d4 e6 2. c4 d5 3. Nf3 Nf6 4. Nc3 Nbd7 5. Bf4 dxc4 6. e4 Bb4 7. Qc2 b5 8. e5 Nd5 9. Bg5 f6 10. exf6 gxf6 11. Bh6 Qe7 12. Be2 Bb7 13. Nd2 a6 14. Bh5+ Kd8 15. Bf3 N7b6 16. Nde4 Qf7 17. 0-0-0 Qg6 18. Bd2 Bd6 19. Nxd5 Bxd5 20. Rhe1 Nd7 21. Nxd6 Qxc2+ 22. Kxc2 cxd6 23. Bxd5 exd5 24. Ba5+ Kc8 25. Re7 Nf8 26. Rde1 Ng6 27. Rg7 Kb8 28. Bc7+ Kb7 29. Bxd6+ Kc6 30. Bb8 Nf8 31. Re8 b4 32. a4 Rxb8 33. Rxb8 Ne6 34. Rxh8 Nxg7 35. Rf8 Ne6 36. Rxf6 Kd7 37. Kd2 Nxd4 38. Rxa6 Nb3+ 39. Kd1 Kc7 40. Rh6 d4 41. Rxh7+ Kc6 42. Rh6+ Kc5 43. Rh5+ Kc6 44. Rb5 d3 45. Rxb4 Kc5 46. Rxb3 1-0

[Event "Oberliga Nord N 1415"]
[Site "Germany"]
[Date "2014.09.21"]
[Round "1.2"]
[White "Kaid, Almar"]
[Black "Lindinger, Markus"]
[Result "1/2-1/2"]
[WhiteElo "2293"]
[BlackElo "2304"]
[PlyCount "27"]
[EventDate "2014.09.21"]
[EventType "team-tourn"]
[EventRounds "9"]
[EventCountry "GER"]
[SourceTitle "EXT 2016"]
[Source "ChessBase"]
[SourceDate "2015.10.08"]
[SourceVersion "1"]
[SourceVersionDate "2015.10.08"]
[SourceQuality "1"]
[WhiteTeam "Hamburg Diogenes"]
[BlackTeam "Hamburger SK III"]
[WhiteTeamCountry "GER"]
[BlackTeamCountry "GER"]

1. Nf3 d5 2. g3 g6 3. c4 dxc4 4. Na3 Bg7 5. Nxc4 Nc6 6. Bg2 e5 7. d3 h6 8. Bd2 Nge7 9. 0-0 Nf5 10. b4 a6 11. Rc1 0-0 12. Bc3 Re8 13. e3 Nd6 14. Na5 1/2-1/2

[Event "Oberliga Nord N 1314"]
[Site "Germany"]
[Date "2014.02.23"]
[Round "7.2"]
[White "Knuth, Hannes"]
[Black "Kaid, Almar"]
[Result "1/2-1/2"]
[WhiteElo "2341"]
[BlackElo "2284"]
[PlyCount "80"]
[EventDate "2013.10.13"]
[EventType "team-tourn"]
[EventRounds "9"]
[EventCountry "GER"]
[SourceTitle "EXT 2015"]
[Source "ChessBase"]
[SourceDate "2014.11.20"]
[SourceVersion "1"]
[SourceVersionDate "2014.11.20"]
[SourceQuality "1"]
[WhiteTeam "Schwerin"]
[BlackTeam "Hamburg Diogenes"]
[WhiteTeamCountry "GER"]
[BlackTeamCountry "GER"]

1. d4 e6 2. c4 f5 3. g3 Nf6 4. Bg2 d5 5. Nc3 c6 6. Qd3 Bd6 7. Bf4 Bxf4 8. gxf4 0-0 9. Nf3 Ne4 10. h4 Nd7 11. Ne5 Qe7 12. a3 Nxe5 13. fxe5 Nxc3 14. Qxc3 b6 15. b4 Bb7 16. Rc1 Rac8 17. c5 Ba6 18. Qd2 Bc4 19. Rh3 Kh8 20. Qf4 a5 21. Rhc3 b5 22. Bf3 Ra8 23. R3c2 axb4 24. axb4 Ra3 25. Rb2 Rg8 26. Rbb1 h6 27. Ra1 Rga8 28. Rxa3 Rxa3 29. Rb1 Ra2 30. Kf1 g5 31. Qc1 Kg7 32. Ra1 Ra4 33. hxg5 Qxg5 34. Qd1 Bb3 35. Qe1 h5 36. Rxa4 Bxa4 37. Qc3 h4 38. Bg2 Qg4 39. Qe3 Kg6 40. Bh3 Qg5 1/2-1/2

[Event "Oberliga Nord N 1314"]
[Site "Germany"]
[Date "2014.01.19"]
[Round "5.2"]
[White "Hermesmann, Hans"]
[Black "Kaid, Almar"]
[Result "1-0"]
[WhiteElo "2328"]
[BlackElo "2284"]
[PlyCount "125"]
[EventDate "2013.10.13"]
[EventType "team-tourn"]
[EventRounds "9"]
[EventCountry "GER"]
[SourceTitle "EXT 2015"]
[Source "ChessBase"]
[SourceDate "2014.11.20"]
[SourceVersion "1"]
[SourceVersionDate "2014.11.20"]
[SourceQuality "1"]
[WhiteTeam "Pinneberg"]
[BlackTeam "Hamburg Diogenes"]
[WhiteTeamCountry "GER"]
[BlackTeamCountry "GER"]

1. d4 d5 2. c4 e6 3. Nc3 Nf6 4. cxd5 exd5 5. Bg5 Be7 6. e3 c6 7. Bd3 Nbd7 8. Qc2 Nh5 9. Bxe7 Qxe7 10. Nge2 g6 11. 0-0 0-0 12. Rab1 Nb6 13. b4 a6 14. a4 Be6 15. a5 Nc8 16. Na4 Nd6 17. Nc5 Ng7 18. Ng3 Rad8 19. Rfe1 Bc8 20. f3 Ne6 21. Rbd1 f5 22. Bf1 Qg7 23. Ne2 Rfe8 24. Nc1 Re7 25. Qf2 Rde8 26. N1b3 Qf6 27. Nd3 Nd8 28. f4 Ne4 29. Qc2 Rg7 30. Nbc5 Kh8 31. Ne5 g5 32. Nxe4 fxe4 33. fxg5 Rxg5 34. Rd2 Rf8 35. Rf2 Rf5 36. Ree2 Qg5 37. Rxf5 Rxf5 38. Qd2 Nf7 39. Nxf7+ Rxf7 40. Rf2 Rf3 41. Kh1 Rf6 42. Rxf6 Qxf6 43. Kg1 Qf8 44. Qe1 Qd6 45. Be2 Kg7 46. h3 Be6 47. g4 h6 48. Kg2 Bf7 49. h4 Bg8 50. g5 hxg5 51. hxg5 Bf7 52. Qh4 Qxb4 53. Qh6+ Kg8 54. g6 Bxg6 55. Qxg6+ Kf8 56. Qf6+ Kg8 57. Qd8+ Kg7 58. Kf2 Qb2 59. Qb6 Qxb6 60. axb6 a5 61. Bd1 Kf6 62. Ba4 Ke7 63. Bxc6 1-0

[Event "Oberliga Nord N 1314"]
[Site "Germany"]
[Date "2013.12.15"]
[Round "4.2"]
[White "Kaid, Almar"]
[Black "Zimmermann, Julian"]
[Result "1/2-1/2"]
[WhiteElo "2284"]
[BlackElo "2306"]
[PlyCount "32"]
[EventDate "2013.10.13"]
[EventType "team-tourn"]
[EventRounds "9"]
[EventCountry "GER"]
[SourceTitle "EXT 2015"]
[Source "ChessBase"]
[SourceDate "2014.11.20"]
[SourceVersion "1"]
[SourceVersionDate "2014.11.20"]
[SourceQuality "1"]
[WhiteTeam "Hamburg Diogenes"]
[BlackTeam "Hamburg Koenigsspringer"]
[WhiteTeamCountry "GER"]
[BlackTeamCountry "GER"]

1. Nf3 Nf6 2. g3 g6 3. b3 b5 4. Bg2 Bb7 5. Bb2 Bg7 6. c4 bxc4 7. bxc4 c5 8. 0-0 0-0 9. Nc3 d6 10. Rb1 Nbd7 11. d3 Qa5 12. Qc2 Rab8 13. Ba1 Bc6 14. Rxb8 Rxb8 15. Rb1 Rb4 16. Nd2 Bxg2 1/2-1/2

[Event "Oberliga Nord N 1314"]
[Site "Germany"]
[Date "2013.11.24"]
[Round "3.2"]
[White "Ritscher, Jan Paul"]
[Black "Kaid, Almar"]
[Result "0-1"]
[WhiteElo "2322"]
[BlackElo "2284"]
[PlyCount "100"]
[EventDate "2013.10.13"]
[EventType "team-tourn"]
[EventRounds "9"]
[EventCountry "GER"]
[SourceTitle "EXT 2015"]
[Source "ChessBase"]
[SourceDate "2014.11.20"]
[SourceVersion "1"]
[SourceVersionDate "2014.11.20"]
[SourceQuality "1"]
[WhiteTeam "Hamburg SF"]
[BlackTeam "Hamburg Diogenes"]
[WhiteTeamCountry "GER"]
[BlackTeamCountry "GER"]

1. d4 e6 2. c4 Bb4+ 3. Nd2 c5 4. e3 cxd4 5. exd4 Nf6 6. a3 Be7 7. Bd3 0-0 8. Ngf3 b6 9. b4 Bb7 10. Bb2 d6 11. 0-0 Nbd7 12. Re1 Re8 13. Nf1 Bf8 14. Ng3 g6 15. Bc2 Rc8 16. Bb3 Bg7 17. Ng5 h6 18. Nf3 Qc7 19. Qd3 Qb8 20. Nd2 Rcd8 21. Rac1 Qa8 22. f3 a6 23. a4 a5 24. Ba3 axb4 25. Bxb4 Nc5 26. Qc2 Nxb3 27. Qxb3 Nd7 28. Bc3 d5 29. Ra1 dxc4 30. Qxc4 Bd5 31. Qd3 Rc8 32. Nge4 Rc6 33. Bb4 Qb8 34. Nc3 Nf6 35. Nde4 Qd8 36. Nxf6+ Bxf6 37. Rad1 Rc4 38. Nxd5 Qxd5 39. Bc3 Rec8 40. Bb2 Rxa4 41. Re2 Ra2 42. Kf1 b5 43. Bc1 Rxe2 44. Qxe2 h5 45. Be3 Rc4 46. Rd3 b4 47. Qb2 e5 48. Kf2 exd4 49. Bd2 Qc5 50. Ke1 Qe5+ 0-1

[Event "Norderstedt op"]
[Site "Norderstedt"]
[Date "2013.03.31"]
[Round "6"]
[White "Kaid, Almar"]
[Black "Kroencke, Manfred"]
[Result "1-0"]
[WhiteElo "2274"]
[BlackElo "2064"]
[PlyCount "49"]
[EventDate "2013.03.28"]
[EventType "swiss"]
[EventRounds "9"]
[EventCountry "GER"]
[SourceTitle "EXT 2015"]
[Source "ChessBase"]
[SourceDate "2014.11.20"]
[SourceVersion "1"]
[SourceVersionDate "2014.11.20"]
[SourceQuality "1"]

1. Nf3 Nf6 2. g3 d5 3. Bg2 e6 4. 0-0 Be7 5. c4 0-0 6. d4 Nbd7 7. Qc2 c6 8. b3 b6 9. Rd1 Bb7 10. Nc3 Rc8 11. e4 Ba6 12. Bf4 b5 13. e5 Nh5 14. Be3 f5 15. exf6 gxf6 16. Bh6 Re8 17. Re1 Bf8 18. Bxf8 Nxf8 19. c5 Rb8 20. b4 Bc8 21. Qd2 Ng7 22. a4 a6 23. axb5 axb5 24. Qf4 Ng6 25. Qxb8 1-0

[Event "Norderstedt op"]
[Site "Norderstedt"]
[Date "2013.03.30"]
[Round "4"]
[White "Kaid, Almar"]
[Black "Hagenlueke, Thomas"]
[Result "1/2-1/2"]
[WhiteElo "2274"]
[BlackElo "2020"]
[PlyCount "45"]
[EventDate "2013.03.28"]
[EventType "swiss"]
[EventRounds "9"]
[EventCountry "GER"]
[SourceTitle "EXT 2015"]
[Source "ChessBase"]
[SourceDate "2014.11.20"]
[SourceVersion "1"]
[SourceVersionDate "2014.11.20"]
[SourceQuality "1"]

1. Nf3 d5 2. g3 Nf6 3. Bg2 Bf5 4. c4 c6 5. 0-0 e6 6. cxd5 cxd5 7. Qb3 Qb6 8. Qxb6 axb6 9. Nc3 h6 10. d3 Nc6 11. Nb5 Ra5 12. Nfd4 Bc5 13. Be3 Bh7 14. Rfc1 e5 15. Nxc6 bxc6 16. Bxc5 bxc5 17. Nd6+ Ke7 18. Nb7 Rb5 19. Nxc5 Rxb2 20. Na4 Rb4 21. Nc5 Rb2 22. Na4 Rb4 23. Nc5 1/2-1/2

[Event "Norderstedt op"]
[Site "Norderstedt"]
[Date "2013.03.28"]
[Round "1"]
[White "Rogozenco, Teodora Nana"]
[Black "Kaid, Almar"]
[Result "0-1"]
[WhiteElo "1747"]
[BlackElo "2274"]
[PlyCount "76"]
[EventDate "2013.03.28"]
[EventType "swiss"]
[EventRounds "9"]
[EventCountry "GER"]
[SourceTitle "EXT 2015"]
[Source "ChessBase"]
[SourceDate "2014.11.20"]
[SourceVersion "1"]
[SourceVersionDate "2014.11.20"]
[SourceQuality "1"]

1. d4 e6 2. c4 Bb4+ 3. Bd2 a5 4. Nf3 d6 5. Nc3 f5 6. e3 Nf6 7. Bd3 Nc6 8. Qc2 0-0 9. a3 Bxc3 10. Bxc3 Ne7 11. 0-0 Qe8 12. Rfe1 Bd7 13. e4 fxe4 14. Bxe4 Nxe4 15. Qxe4 Qf7 16. Re2 h6 17. Rae1 b5 18. d5 e5 19. cxb5 Bxb5 20. Rd2 Ng6 21. Rc1 Nf4 22. Ne1 Qf5 23. Qxf5 Rxf5 24. Rcc2 e4 25. b4 Nxd5 26. bxa5 e3 27. Rxd5 exf2+ 28. Rxf2 Rxd5 29. Rd2 Rxd2 30. Bxd2 Rc8 31. Nf3 Be2 32. Kf2 Bxf3 33. gxf3 Kf7 34. a6 Ra8 35. Ba5 Rxa6 36. Bxc7 Ke6 37. f4 Rxa3 38. f5+ Ke5 0-1

[Event "Oberliga Nord N 1213"]
[Site "Germany"]
[Date "2012.11.25"]
[Round "3.3"]
[White "Kramer, Julian"]
[Black "Kaid, Almar"]
[Result "1/2-1/2"]
[WhiteElo "2122"]
[BlackElo "2274"]
[PlyCount "50"]
[EventDate "2012.10.14"]
[EventType "team-tourn"]
[EventRounds "9"]
[EventCountry "GER"]
[SourceTitle "EXT 2015"]
[Source "ChessBase"]
[SourceDate "2014.11.20"]
[SourceVersion "1"]
[SourceVersionDate "2014.11.20"]
[SourceQuality "1"]
[WhiteTeam "Hamburger SK III"]
[BlackTeam "Hamburg Diogenes"]
[WhiteTeamCountry "GER"]
[BlackTeamCountry "GER"]

1. e4 e6 2. d4 d5 3. e5 c5 4. c3 Nc6 5. Nf3 Bd7 6. Be2 Nge7 7. Na3 cxd4 8. cxd4 Nf5 9. Nc2 Qb6 10. 0-0 Na5 11. b4 Nc4 12. Bd3 a5 13. Bxf5 exf5 14. bxa5 Rxa5 15. Nd2 Ra4 16. Rb1 Qc6 17. Nxc4 Rxc4 18. Ne3 Ra4 19. Qf3 Be6 20. Nxf5 Qd7 21. Nd6+ Bxd6 22. exd6 0-0 23. Be3 Qxd6 24. Rxb7 Rxa2 25. h3 Qa6 1/2-1/2

[Event "Latschach op 27th"]
[Site "Latschach"]
[Date "2011.08.16"]
[Round "5"]
[White "Kaid, Almar"]
[Black "Hresc, Vladimir"]
[Result "1/2-1/2"]
[WhiteElo "2270"]
[BlackElo "2408"]
[PlyCount "155"]
[EventDate "2011.08.13"]
[EventType "swiss"]
[EventRounds "9"]
[EventCountry "AUT"]
[SourceTitle "CBM 143 Extra"]
[Source "ChessBase"]
[SourceDate "2011.08.29"]
[SourceVersion "1"]
[SourceVersionDate "2011.08.29"]
[SourceQuality "1"]

1. Nf3 Nf6 2. g3 d5 3. Bg2 g6 4. b3 Bg7 5. Bb2 0-0 6. 0-0 Bg4 7. c4 Nc6 8. Ne5 Nxe5 9. Bxe5 Qd7 10. cxd5 Nxd5 11. Bxg7 Kxg7 12. Nc3 c6 13. Qc2 Nb4 14. Qb2 f6 15. a3 Na6 16. b4 Nc7 17. Rfc1 e5 18. d3 Bh3 19. Bh1 Rad8 20. Ne4 Qe7 21. a4 a6 22. Nc5 Bc8 23. Rc2 h5 24. h4 Rd4 25. e3 Rd6 26. Bg2 Ne6 27. Nxe6+ Qxe6 28. Bf1 Rfd8 29. Rac1 Bd7 30. Rc5 Qe8 31. Be2 Bf5 32. e4 Bd7 33. Rf1 Bh3 34. Rfc1 Rd4 35. b5 axb5 36. axb5 Bd7 37. bxc6 Bxc6 38. Qb6 R8d6 39. Qb3 Qa8 40. Rf1 Qa4 41. Qxa4 Rxa4 42. f4 Ra2 43. Rf2 Re6 44. Bf1 Ra1 45. Rb2 Kf8 46. Kf2 Ke8 47. Bh3 Re7 48. Ke3 Ra3 49. Kd2 Kd8 50. Rc3 Ra1 51. Ke3 Kc7 52. Rf2 Re1+ 53. Re2 exf4+ 54. gxf4 Rh1 55. Bg2 Rxh4 56. d4 Kb8 57. e5 Bxg2 58. Rxg2 g5 59. fxg5 fxe5 60. d5 Rg7 61. g6 Rg4 62. Rxg4 hxg4 63. Ke4 Rxg6 64. Kf5 Rg8 65. d6 g3 66. d7 g2 67. Rg3 Rd8 68. Ke6 Kc7 69. Rc3+ Kb6 70. Rg3 Kc5 71. Rxg2 e4 72. Re2 Kd4 73. Rb2 e3 74. Ke7 Rh8 75. d8Q+ Rxd8 76. Kxd8 Kc3 77. Rxb7 e2 78. Re7 1/2-1/2

[Event "Latschach op 27th"]
[Site "Latschach"]
[Date "2011.08.14"]
[Round "3"]
[White "Kaid, Almar"]
[Black "Knoblauch, Leonhard"]
[Result "1/2-1/2"]
[WhiteElo "2270"]
[BlackElo "2062"]
[PlyCount "51"]
[EventDate "2011.08.13"]
[EventType "swiss"]
[EventRounds "9"]
[EventCountry "AUT"]
[SourceTitle "CBM 143 Extra"]
[Source "ChessBase"]
[SourceDate "2011.08.29"]
[SourceVersion "1"]
[SourceVersionDate "2011.08.29"]
[SourceQuality "1"]

1. Nf3 Nf6 2. g3 e6 3. c4 d5 4. Bg2 Bd6 5. 0-0 0-0 6. d4 c6 7. Nfd2 Nbd7 8. Nc3 Re8 9. e4 dxe4 10. Ndxe4 Be7 11. Qc2 Nb6 12. Ne2 Nbd7 13. Rd1 Qc7 14. Bf4 e5 15. dxe5 Nxe5 16. h3 h6 17. Nd4 Nxe4 18. Qxe4 Bf6 19. Nf5 Bxf5 20. Qxf5 Qa5 21. Qc2 Qb4 22. Rac1 Ng6 23. Bd6 c5 24. b3 Rad8 25. Be4 Qb6 26. Bxg6 1/2-1/2

[Event "Oberliga Nord W 1011"]
[Site "Germany"]
[Date "2010.11.14"]
[Round "3.1"]
[White "Kaid, Almar"]
[Black "Bangiev, Alexander J"]
[Result "1/2-1/2"]
[WhiteElo "2265"]
[BlackElo "2440"]
[PlyCount "41"]
[EventDate "2010.10.10"]
[EventType "team-tourn"]
[EventRounds "9"]
[EventCountry "GER"]
[SourceTitle "EXT 2012"]
[Source "ChessBase"]
[SourceDate "2011.11.24"]
[SourceVersion "1"]
[SourceVersionDate "2011.11.24"]
[SourceQuality "1"]
[WhiteTeam "Schinkel"]
[BlackTeam "Hannover PSC"]
[WhiteTeamCountry "GER"]
[BlackTeamCountry "GER"]

1. c4 Nf6 2. g3 g6 3. Bg2 Bg7 4. Nc3 0-0 5. e4 d6 6. Nge2 Nc6 7. 0-0 a6 8. d3 Rb8 9. a4 Bd7 10. h3 Nb4 11. Be3 c5 12. Kh2 Ne8 13. Qd2 Nc7 14. d4 Ne6 15. Rad1 cxd4 16. Nxd4 Nc5 17. f4 Bxd4 18. Bxd4 Nb3 19. Qf2 Nxd4 20. Qxd4 Nc6 21. Qe3 1/2-1/2

[Event "Muensterland Verbandsliga 0809"]
[Site "Germany"]
[Date "2008.09.20"]
[Round "1.2"]
[White "Kaid, Almar"]
[Black "Bruemmer, Frank"]
[Result "1-0"]
[WhiteElo "2267"]
[BlackElo "2255"]
[PlyCount "65"]
[EventDate "2008.09.20"]
[EventType "team-tourn"]
[EventRounds "9"]
[EventCountry "GER"]
[SourceTitle "EXT 2010"]
[Source "ChessBase"]
[SourceDate "2010.11.25"]
[SourceVersion "1"]
[SourceVersionDate "2010.11.25"]
[SourceQuality "1"]
[WhiteTeam "Muenster SK II"]
[BlackTeam "Rheine Klein Berlin"]
[WhiteTeamCountry "GER"]
[BlackTeamCountry "GER"]

1. c4 e6 2. g3 d5 3. Bg2 c6 4. Nf3 Nf6 5. 0-0 dxc4 6. a4 a6 7. a5 Be7 8. Qc2 Qc7 9. Qxc4 e5 10. d4 Be6 11. Qc2 Nbd7 12. dxe5 Nd5 13. Nd4 Qxe5 14. Nxe6 Qxe6 15. Nc3 Nb4 16. Qa4 h5 17. Bf4 h4 18. Rad1 g5 19. Bc1 hxg3 20. hxg3 f5 21. Rd4 c5 22. Nd5 Bd6 23. Rxb4 cxb4 24. Bxg5 Kf7 25. Rd1 Kg7 26. Nf4 Bxf4 27. Rxd7+ Kg6 28. Bxf4 Rad8 29. Rxd8 Rxd8 30. Bf3 Qc4 31. Kg2 Rd4 32. Qe8+ Kf6 33. Be5+ 1-0

[Event "BCF-chT2 0708 (4NCL)"]
[Site "Sunningdale"]
[Date "2007.11.11"]
[Round "4.2"]
[White "Kaid, Almar"]
[Black "Posazhennikov, Alex"]
[Result "1/2-1/2"]
[WhiteElo "2271"]
[BlackElo "2226"]
[PlyCount "77"]
[EventDate "2007.09.15"]
[EventType "team-tourn"]
[EventRounds "11"]
[EventCountry "ENG"]
[SourceTitle "EXT 2023"]
[Source "ChessBase"]
[SourceDate "2022.10.05"]
[SourceVersion "1"]
[SourceVersionDate "2022.10.05"]
[SourceQuality "1"]
[WhiteTeam "White Rose"]
[BlackTeam "Poisoned Pawns"]
[WhiteTeamCountry "ENG"]
[BlackTeamCountry "ENG"]

1. c4 e6 2. g3 Nf6 3. Bg2 d5 4. Nf3 c6 5. 0-0 Bd6 6. d4 0-0 7. Nc3 Nbd7 8. Qd3 Re8 9. Bg5 h6 10. Bxf6 Qxf6 11. Nd2 Bf8 12. Rab1 dxc4 13. Nxc4 e5 14. Rbd1 exd4 15. Qxd4 Bc5 16. Qxf6 Nxf6 17. Nd6 Bxd6 18. Rxd6 Bg4 19. Rd2 a5 20. h3 Be6 21. Rfd1 Kf8 22. e4 Ke7 23. f4 Red8 24. e5 Ne8 25. Kf2 Rxd2+ 26. Rxd2 Rd8 27. Rxd8 Kxd8 28. Ke3 Kc7 29. g4 g6 30. a3 Ng7 31. Ne4 Ne8 32. Bf1 b6 33. Ng3 Kd8 34. Bg2 c5 35. f5 gxf5 36. gxf5 Bb3 37. Ne4 Nc7 38. Nf6 b5 39. Ng8 1/2-1/2

[Event "BCF-chT2 0607 (4NCL)"]
[Site "Sunningdale"]
[Date "2007.05.06"]
[Round "10.4"]
[White "Farrand, Julian"]
[Black "Kaid, Almar"]
[Result "1/2-1/2"]
[WhiteElo "2172"]
[BlackElo "2276"]
[PlyCount "77"]
[EventDate "2006.09.16"]
[EventType "team"]
[EventRounds "11"]
[EventCountry "ENG"]
[SourceTitle "EXT 2008"]
[Source "ChessBase"]
[SourceDate "2007.11.25"]
[SourceVersion "1"]
[SourceVersionDate "2007.11.25"]
[SourceQuality "1"]
[WhiteTeam "Barbican Youth"]
[BlackTeam "White Rose"]
[WhiteTeamCountry "ENG"]
[BlackTeamCountry "ENG"]

1. d4 e6 2. e4 d5 3. Nc3 Nf6 4. Bg5 dxe4 5. Nxe4 Nbd7 6. Nf3 h6 7. Nxf6+ Nxf6 8. Bh4 c5 9. Bb5+ Bd7 10. Bxf6 gxf6 11. Bxd7+ Qxd7 12. 0-0 0-0-0 13. c3 Rg8 14. Qe2 Qc6 15. g3 Kb8 16. dxc5 Bxc5 17. b4 Bb6 18. c4 h5 19. c5 Bc7 20. Rfd1 Qa4 21. Rdb1 h4 22. Rb3 hxg3 23. fxg3 Qc6 24. Qf2 f5 25. Rc1 Qd5 26. Nh4 f4 27. Ng2 fxg3 28. hxg3 Rh8 29. Qf3 Qg5 30. Rf1 Be5 31. Rd1 Bd4+ 32. Kf1 Rh1+ 33. Ke2 Qe5+ 34. Re3 Bxe3 35. Rxd8+ Kc7 36. Nxe3 Rh2+ 37. Kd3 Kxd8 38. Ng4 Qh8 39. Nxh2 1/2-1/2

[Event "BCF-chT2 0607 (4NCL)"]
[Site "Sunningdale"]
[Date "2007.05.05"]
[Round "9.42"]
[White "Kaid, Almar"]
[Black "Lipinsky, Fabian"]
[Result "1/2-1/2"]
[WhiteElo "2276"]
[BlackElo "2357"]
[PlyCount "46"]
[EventDate "2006.09.16"]
[EventType "team"]
[EventRounds "11"]
[EventCountry "ENG"]
[SourceTitle "EXT 2008"]
[Source "ChessBase"]
[SourceDate "2007.11.25"]
[SourceVersion "1"]
[SourceVersionDate "2007.11.25"]
[SourceQuality "1"]
[WhiteTeam "White Rose"]
[BlackTeam "Hilsmark Kingfisher II"]
[WhiteTeamCountry "ENG"]
[BlackTeamCountry "ENG"]

1. c4 e6 2. Nf3 d5 3. d4 c6 4. Qc2 Nf6 5. g3 dxc4 6. Qxc4 b5 7. Qd3 Nbd7 8. Bg2 a6 9. 0-0 Bb7 10. Be3 c5 11. dxc5 Bxc5 12. Nbd2 Qb6 13. Bxc5 Nxc5 14. Qe3 0-0 15. Nb3 Rfc8 16. Ne5 Bxg2 17. Kxg2 Nd5 18. Qf3 f6 19. Nxc5 fxe5 20. Nd3 Qd4 21. e4 Nf6 22. Rac1 Nxe4 23. Qg4 Ng5 1/2-1/2

[Event "BCF-chT2 0607 (4NCL)"]
[Site "Sunningdale"]
[Date "2007.03.04"]
[Round "8.3"]
[White "Kaid, Almar"]
[Black "Webb, Richard M"]
[Result "1/2-1/2"]
[WhiteElo "2276"]
[BlackElo "2272"]
[PlyCount "41"]
[EventDate "2006.09.16"]
[EventType "team"]
[EventRounds "11"]
[EventCountry "ENG"]
[SourceTitle "EXT 2008"]
[Source "ChessBase"]
[SourceDate "2007.11.25"]
[SourceVersion "1"]
[SourceVersionDate "2007.11.25"]
[SourceQuality "1"]
[WhiteTeam "White Rose"]
[BlackTeam "Wessex"]
[WhiteTeamCountry "ENG"]
[BlackTeamCountry "ENG"]

1. c4 c5 2. g3 g6 3. Bg2 Bg7 4. Nc3 Nc6 5. a3 Nf6 6. Rb1 a5 7. Nh3 0-0 8. Nf4 d6 9. 0-0 Ne8 10. d3 Nc7 11. Bd2 Bd7 12. Nfd5 Nxd5 13. Nxd5 Rb8 14. Nc3 b6 15. Nb5 Nd4 16. Nxd4 Bxd4 17. b4 Qc7 18. Qc2 axb4 19. axb4 cxb4 20. Rxb4 b5 21. Rc1 1/2-1/2

[Event "BCF-chT2 0607 (4NCL)"]
[Site "Sunningdale"]
[Date "2007.01.14"]
[Round "6.2"]
[White "Eggleston, David"]
[Black "Kaid, Almar"]
[Result "1/2-1/2"]
[WhiteElo "2284"]
[BlackElo "2276"]
[PlyCount "48"]
[EventDate "2006.09.16"]
[EventType "team"]
[EventRounds "11"]
[EventCountry "ENG"]
[SourceTitle "EXT 2008"]
[Source "ChessBase"]
[SourceDate "2007.11.25"]
[SourceVersion "1"]
[SourceVersionDate "2007.11.25"]
[SourceQuality "1"]
[WhiteTeam "Barbican II"]
[BlackTeam "White Rose"]
[WhiteTeamCountry "ENG"]
[BlackTeamCountry "ENG"]

1. e4 e6 2. d4 d5 3. Nd2 a6 4. Ngf3 c5 5. exd5 exd5 6. Be2 Nf6 7. 0-0 Bd6 8. dxc5 Bxc5 9. Nb3 Bb6 10. Ne5 0-0 11. Bf3 Nc6 12. Bf4 Re8 13. Nxc6 bxc6 14. c4 Ne4 15. cxd5 cxd5 16. Rc1 a5 17. Nd4 Nxf2 18. Rxf2 Qf6 19. Ne2 Bxf2+ 20. Kxf2 Ba6 21. Kg3 Qg6+ 22. Kf2 Qf6 23. Kg3 Qg6+ 24. Kf2 Qf6 1/2-1/2

[Event "BCF-chT2 0506 (4NCL)"]
[Site "Birmingham"]
[Date "2006.05.01"]
[Round "11.3"]
[White "Hulmes, David I"]
[Black "Kaid, Almar"]
[Result "1/2-1/2"]
[WhiteElo "2206"]
[BlackElo "2275"]
[PlyCount "38"]
[EventDate "2005.10.22"]
[EventType "team"]
[EventRounds "11"]
[EventCountry "ENG"]
[SourceTitle "EXT 2007"]
[Source "ChessBase"]
[SourceDate "2006.11.23"]
[SourceVersion "1"]
[SourceVersionDate "2006.11.23"]
[SourceQuality "1"]
[WhiteTeam "Micro Mark NWE II"]
[BlackTeam "White Rose"]
[WhiteTeamCountry "ENG"]
[BlackTeamCountry "ENG"]

1. e4 e6 2. d4 d5 3. Nd2 c5 4. exd5 exd5 5. Bb5+ Bd7 6. Qe2+ Be7 7. dxc5 Nf6 8. Nb3 0-0 9. Be3 Re8 10. 0-0-0 a6 11. Bd3 Ba4 12. Qd2 Bxb3 13. axb3 Nbd7 14. Nf3 Nxc5 15. Rhe1 Rc8 16. Kb1 Nce4 17. Bxe4 dxe4 18. Qxd8 Rcxd8 19. Nd2 h6 1/2-1/2

[Event "BCF-chT2 0506 (4NCL)"]
[Site "Birmingham"]
[Date "2006.04.29"]
[Round "9.3"]
[White "Ozeren, Kemal"]
[Black "Kaid, Almar"]
[Result "1-0"]
[WhiteElo "2286"]
[BlackElo "2275"]
[PlyCount "85"]
[EventDate "2005.10.22"]
[EventType "team"]
[EventRounds "11"]
[EventCountry "ENG"]
[SourceTitle "EXT 2007"]
[Source "ChessBase"]
[SourceDate "2006.11.23"]
[SourceVersion "1"]
[SourceVersionDate "2006.11.23"]
[SourceQuality "1"]
[WhiteTeam "Oxford"]
[BlackTeam "White Rose"]
[WhiteTeamCountry "ENG"]
[BlackTeamCountry "ENG"]

1. d4 d5 2. Nf3 Nf6 3. c4 e6 4. Bg5 Nbd7 5. e3 Be7 6. Nc3 0-0 7. Rc1 dxc4 8. Bxc4 a6 9. a4 c5 10. 0-0 cxd4 11. exd4 Nb6 12. Bb3 Bd7 13. Ne5 Bc6 14. Nxc6 bxc6 15. Ne2 Nfd5 16. Bxe7 Nxe7 17. Qd2 a5 18. Rc5 Nbd5 19. Bxd5 cxd5 20. Nc3 Nf5 21. Nb5 Qh4 22. Rfc1 h6 23. b3 Rfb8 24. g3 Qg4 25. Qd1 Qg5 26. Qe2 Qf6 27. Qe5 Qxe5 28. dxe5 g5 29. Rc7 Rd8 30. Kf1 g4 31. Ke2 d4 32. Kd3 Rd5 33. R1c5 Rad8 34. Na7 Rb8 35. Rxd5 exd5 36. Rc8+ Rxc8 37. Nxc8 Kf8 38. Nd6 Ne7 39. Kxd4 Nc6+ 40. Kxd5 Nb4+ 41. Kc4 Nc6 42. Kb5 Nxe5 43. Kxa5 1-0